Ők lettek a 13. Nemzetközi Pneumobile Verseny győztesei

Elmentve itt :
Bibliográfiai részletek
Dokumentumtípus: Cikk
Megjelent: 2020-06-11
Sorozat:Okosipar.hu
Kulcsszavak:Mérnöki Kar, Autóipari verseny - Emerson Nemzetközi AVENTICS Pneumobile Verseny - 13., Legjobb műszaki dokumentáció - Pepp-Air csapat, Egyetemi hallgatók
Online Access:http://univ.bibl.u-szeged.hu/54432
LEADER 00756nab a2200157 i 4500
001 univ54432
005 20200612111820.0
008 200612s2020 hu o 0|| zxx d
040 |a SZTE UnivHistória Repozitórium  |b hun 
041 |a zxx 
245 0 0 |a Ők lettek a 13. Nemzetközi Pneumobile Verseny győztesei  |h [elektronikus dokumentum] 
260 |c 2020-06-11 
490 0 |a Okosipar.hu 
561 |a Egyetemi hirarchívum 
695 |a Mérnöki Kar, Autóipari verseny - Emerson Nemzetközi AVENTICS Pneumobile Verseny - 13., Legjobb műszaki dokumentáció - Pepp-Air csapat, Egyetemi hallgatók 
856 4 0 |u http://univ.bibl.u-szeged.hu/54432/1/%C5%90k%20lettek%20a%2013.%20Nemzetk%C3%B6zi%20Pneumobile%20Verseny%20gy%C5%91ztesei%20-%20Okosipar.pdf  |z Dokumentum-elérés